| 000 | 00855nam a2200217 a 4500 | ||
|---|---|---|---|
| 001 | 000023535 | ||
| 005 | 20200930022305.0 | ||
| 008 | 101210s1979 cl a r 000 0 spa d | ||
| 040 |
_aDO-SdBNP _bspa _cBNPHU |
||
| 082 |
_axxxx _bR382e |
||
| 245 | 0 | 4 |
_aLas relaciones entre América Latina, Estados Unidos y Europa Occidental / _cEdición Gustavo Lagos Matus ; colaboración Rebeca Bordeu S. |
| 260 |
_aSantiago, Chile : _bInstituto de Estudios Internacionales de la Universidad de Chile, _c1979. |
||
| 300 |
_a173 p. : _bil. ; _c23 cm. |
||
| 490 | 1 | _aEstudios Internacionales | |
| 504 | _aIncluye referencias bibliográficas y notas al pie de las páginas. | ||
| 700 | 1 |
_aLagos Matus, Gustavo, _eed. _948512 |
|
| 700 | 1 |
_aBordeu S., Rebeca _948513 |
|
| 710 | 1 |
_aThe Tinker Fundation _948514 |
|
| 830 | 0 |
_aEstudios Internacionales _948515 |
|
| 049 | _aBNGR | ||
| 999 |
_c23031 _d23031 |
||